| 000 | 00903cam a22002897a 4500 | ||
|---|---|---|---|
| 001 | 002194 | ||
| 003 | armpunfd | ||
| 005 | 20140612090701.0 | ||
| 008 | 090211e0####xx#a##########000#0#und#d | ||
| 040 |
_aarmpunfd _carmpunfd |
||
| 080 | _a34 (37) L 929 | ||
| 100 | 1 | 0 | _a Louzan De Solimano Nelly Dora |
| 245 | 1 | 0 | _aCurso de historia e instituciones del derecho romano |
| 260 |
_a Uenos Aires : Editorial De Belgrano _b1979. 423 P. Isbn: 950-577-073-1. |
||
| 650 | 7 |
_a Codificacion _2LEMB |
|
| 650 | 7 |
_a Codigo De Napoleon _2LEMB |
|
| 650 | 7 |
_a Derecho De Gentes _2LEMB |
|
| 650 | 7 |
_a Derecho Natural _2LEMB |
|
| 650 | 7 |
_a Derecho Romano _2LEMB |
|
| 650 | 7 |
_a Historia _2LEMB |
|
| 650 | 7 |
_a Instituciones _2LEMB |
|
| 650 | 7 |
_a La Republica _2LEMB |
|
| 650 | 7 |
_a Ley De Las Xii Tablas _2LEMB |
|
| 650 | 7 |
_a Patrimonio _2LEMB |
|
| 942 |
_cLB _2cdu |
||
| 945 |
_aCatalis _d2010-08-19 |
||
| 999 |
_c2184 _d232688 |
||